02026nam a2200373   4500003000900000005001700009008004100026017001300067020001800080040004600098041000800144082002600152092000700178099003500185100004600220245038000266264006500646300007900711336002200790337002400812338003300836504006300869546011600932650005001048650004101098650003901139651001001178856005701188905001301245942001901258999001701277952017901294952017901473EG-GICUC20260121101229.0251116s2024    ua	||||fr|||| 00| 0 ara d  a20092142  a9789770459285  a EG-GICUCbarac EG-GICUCd EG-GICUCerda0 aara04221a341.8bع ب . م04221  aLaw1  12	341.8 ع ب . م	20240 aعبد المنعم زمزمeمؤلف.12aالمطول فى القانون الدولى الخاص :bعلم تنازع القوانين-علم القانون الدولي الخاص الاجرائي-الاختصاص الدولي للمحاكم وتنفيذ الاحكام الاجنبيه-دراسة تأصيلية تطبيقية في قضاء محكمة النقض المصرية/cعبد المنعم زمزم.  aالقاهرة:bدار النهضة العربية،c2024.  a1064 ؛صفحةc24 سمbإيضاحيات، صور، مثيليات ؛   2rda contentatext  2rda mediaaComputer  2rda carrieraOnline Resource  aيحتوي على اراجاعات ببليوجرافية
  aالنص أغلبه باللغة العربية بعض النصوص الإنجليزية والفرنسية1 aالقانون الدولى الخاص2qrmak1 aالاختصاص الدولي2qrmak1 aتنازع القوانين2qrmak1 2qrmak40uhttps://fll.law.cu.edu.eg/fulltext/bks/B12-01188.pdf  a75eYara  2ddcn0cBKe21  c43649d43649  00102ddc40718القانون الدولي الخاصaCUbLAW1d2025-11-16l0oLaw1  12	341.8 ع ب . م	2024 1201188	C1pB12-01188r2025-11-16 18:03:12t1w2025-11-16yBK  00102ddc40708القانون الدولي الخاصaCUbLAW1d2025-11-16l0oLaw1  12	341.8 ع ب . م	2024 1201292	C2pB12-01292r2025-11-16 18:03:30t2w2025-11-16yBK